• 首页
  • 本馆介绍
  • 公告通知
  • 最新文献
  • 馆藏检索
  • 电子资源
  • 读者导购
  • 参考咨询
  • 我的图书馆
  • 登录
  • 详细信息显示
  • 放入我的书架
  • 预约/预借图书
  • 作者相关作品
  • 分类相关作品
  • 丛书相关作品
  • 出版社相关作品

书目信息

  • 表格格式
  • 工作单格式
  • 卡片格式
题名:
谈谈社会主义的经济基础和上层建筑
    
 
作者: 《谈谈社会主义的经济基础和上层建筑》编写组编写
分册:  
出版信息: 石家庄   河北人民出版社  1978
页数: 90页
开本: 19cm
丛书名: 哲学丛书
单 册:
中图分类: B032
科图分类:
主题词: 社会主义社会-经济基础-关系-上层建筑 , 上层建筑-关系-经济基础-社会主义社会 , 经济基础-关系-上层建筑-社会主义社会
电子资源:
ISBN:
000 00799nam2 2200253 45
001 0178001576
005 20060731163812.29
010    @dCNY0.21
091    @aCN@b2086.79
100    @a19950717d1978 em y0chiy0121 ea
101 0  @achi
102    @aCN@b130000
105    @ay z 000yy
200 10 @a谈谈社会主义的经济基础和上层建筑@Atan tan she hui zhu yi de jing ji ji chu he shang ceng jian zhu@f《谈谈社会主义的经济基础和上层建筑》编写组编写
210    @a石家庄@c河北人民出版社@d1978
215    @a90页@d19cm
225 2  @a哲学丛书
410  0 @120010@a哲学丛书
606    @a社会主义社会-经济基础-关系-上层建筑
606    @a上层建筑-关系-经济基础-社会主义社会
606    @a经济基础-关系-上层建筑-社会主义社会
690    @aB032@v3
801  0 @aCN@bTSSF@c20060731
905    @a10447@dB032@e33
    
    谈谈社会主义的经济基础和上层建筑/《谈谈社会主义的经济基础和上层建筑》编写组编写.-石家庄:河北人民出版社,1978
    90页;19cm.-(哲学丛书)
    
    
    ISBN :CNY0.21
    
●
相关链接 在E读中查询图书 在五车中查询图书 在当当中查询图书 在豆瓣中查询图书


正题名:谈谈社会主义的经济基础和上层建筑     索取号:B032/33         预约/预借

序号 登录号 条形码 馆藏地/架位号 状态 备注
1 0440995   204409951   密集书库/ [索取号:B032/33] 在馆    
唐山师范学院图书馆 欢迎您!
大连网信软件有限公司© 版权所有